000 00904nam a22002297a 4500
010 _a1617CH-EN
020 _a9788176761451
_c199.00
035 _aB-646599-626
035 _aB-664775
037 _aDPL
_bStar/Ven.
082 _aS
100 _aMehta, Anurag
245 _aFolk tales of India /
_cby Anurag Mehta [and] Vaneeta Vaid
260 _aNew Delhi
_bNita Mehta
_c2014
270 _a3A/3 Asaf Ali Road,
_bNew Delhi
_e110002
300 _a78p.
_c25cm(Hb)
490 _aLarge print for young readers
700 _a Vaid, Vaneeta
942 _2ddc
_cCH
_mMEH
_hS
999 _c100989
_d100989